| 000 | 00763cam a2200253 a 4500 | ||
|---|---|---|---|
| 001 | 000025294 | ||
| 003 | DO-SdBNP | ||
| 005 | 20230811110938.0 | ||
| 007 | 000025294 | ||
| 008 | 880808s1995 sp a 000 f spa d | ||
| 020 | _a8420618519 | ||
| 040 |
_aBPMSU _bspa _cBPMSU |
||
| 082 | 4 |
_a861.62 _bJ61p 1995 _222 |
|
| 100 | 1 |
_aJiménez, Juan Ramón, _d1881-1958. |
|
| 245 | 1 | 0 |
_aPlatero y yo / _cJuan Ramón Jiménez. |
| 260 |
_aMadrid : _bAlianza Editorial, _c1995 |
||
| 300 |
_a179 p. : _bil. ; _c21 cm. |
||
| 490 | 0 |
_aEl libro del bolsillo, _v851 |
|
| 500 | _aIncluye referencias bibliográficas y notas al pie de las páginas | ||
| 650 | 4 | _aPoesìa española | |
| 650 | 4 | _aLiteratura española | |
| 910 | _aVMateo V. Control de calidad. BPMSU | ||
| 942 |
_2ddc _cBK |
||
| 999 |
_c9140 _d9140 |
||